| 000 | 00749nam a2200205 a 4500 | ||
|---|---|---|---|
| 008 | 160215s2011 ||||||||||||||||| || u | ||
| 020 | _a9789350251683 | ||
| 050 | _aRD 561 Mar | ||
| 100 | _aMarya, SKS | ||
| 245 | 1 | 0 |
_aKne replacement. (2nd ed.) _cBy SKS Marya [and] R Thukral |
| 250 | _a2nd ed. | ||
| 260 |
_aNew Delhi: _bJaypee Brothers Medical publishers _c2011 |
||
| 300 | _axvii,157p.: ill. | ||
| 350 | _a20.00 | ||
| 500 | _aaccompanied by a CD-ROM | ||
| 650 | _aARTIFICIAL KNEE | ||
| 650 | _aKNEE SURGERY | ||
| 650 | _aARTHROPLASTY, REPLACEMENT, KNEE | ||
| 995 |
_aMEDICAL LIBRARY OPEN ACCESS _e903598 _FCBU-SCHOOL OF MEDICINE LIBRARY (Ndola) _I20.00 _jRD 561 Mar _M1 _UAVAILABLE _WFeb 15, 2016 _y903598 _ZMedical Library Open Access Collection |
||
| 999 |
_c31881 _d31881 |
||